000 01033nam a2200229Ii 4500
003 JO-AjNU
008 230605s9999||||xx |||||||||||||| ||und||
017 _a17/2925
020 _a9960-775-84-4
040 _aJO-AjNU
_bara
_erda
_cJO-AjNU
041 _aara
050 1 4 _aDS35.56.S476 1997
100 3 _aإعداد: السرياني، محمد محمود,
_eauthor
_956911
245 0 0 _aالوجيز في جغرافية العالم الإسلامي: دراسة لملامح الأقطار الإسلامية ومشاكل الأقليات المسلمة في العالم
250 _aط1
264 3 1 _aالرياض: دار عالم الكتب للطباعة والنشر والتوزيع، 1997
300 _a416ص
_bالملاحق ص 381-387 ؛ المراجع العربية والاجنبية ص 388-408
336 _atext
_btxt
_2rdacontent
337 _aunmediated
_bn
_2rdamedia
338 _avolume
_bnc
_2rdacarrier
650 4 _aالاقليات الدينية- البلاد الاسلامية- جغرافيا
_956912
999 _aA25472
_c29040
_d29040